[Event "BCF-chT4 0607 (4NCL)"]
[Site "Sunningdale"]
[Date "2007.05.26"]
[Round "9.33"]
[White "Djipa, Neven"]
[Black "Gregory, Stephen J"]
[Result "1/2-1/2"]
[WhiteElo "2275"]
[BlackElo "2139"]
[PlyCount "114"]
[EventDate "2006.09.16"]
[EventType "team"]
[EventRounds "11"]
[EventCountry "ENG"]
[SourceTitle "EXT 2008"]
[Source "ChessBase"]
[SourceDate "2007.11.25"]
[SourceVersion "1"]
[SourceVersionDate "2007.11.25"]
[SourceQuality "1"]
[WhiteTeam "Pandoras Box"]
[BlackTeam "Anglian Avengers"]
[WhiteTeamCountry "ENG"]
[BlackTeamCountry "ENG"]

1. Nf3 Nf6 2. g3 d6 3. Bg2 e5 4. d3 g6 5. 0-0 Bg7 6. c4 0-0 7. Nc3 Nc6 8. Rb1 a5 9. a3 h6 10. b4 axb4 11. axb4 Be6 12. b5 Ne7 13. Bb2 Qd7 14. Re1 Bh3 15. Qb3 Bxg2 16. Kxg2 Nh5 17. Ra1 Rab8 18. b6 c5 19. Qa4 Nc6 20. Nd5 e4 21. Bxg7 exf3+ 22. exf3 Kxg7 23. Re7 Qd8 24. Rc7 Re8 25. Rb1 Nf6 26. Qa1 Nd4 27. Nc3 Ra8 28. Qb2 Re7 29. Rxe7 Qxe7 30. Ra1 Rxa1 31. Qxa1 Qd7 32. Qc1 Qc6 33. Qf4 Qxb6 34. Qxf6+ Kxf6 35. Nd5+ Ke6 36. Nxb6 Ne2 37. f4 Nc1 38. d4 cxd4 39. Kf3 f5 40. Nd5 Kd7 41. g4 Nd3 42. Ke2 Nb2 43. g5 hxg5 44. fxg5 Ke6 45. Nb6 Ke5 46. Kd2 Kf4 47. Kc2 Nxc4 48. Nxc4 d5 49. Nd6 Kxg5 50. Nxb7 Kg4 51. Nc5 Kf3 52. Nd3 g5 53. Kd2 Kg2 54. Ke2 Kxh2 55. Nb4 g4 56. Nxd5 g3 57. fxg3 Kxg3 1/2-1/2

[Event "Hull Congress op"]
[Site "Hull"]
[Date "1996.09.15"]
[Round "4"]
[White "Britton, Richard"]
[Black "Djipa, Neven"]
[Result "0-1"]
[WhiteElo "2330"]
[BlackElo "2275"]
[PlyCount "140"]
[EventDate "1996.09.13"]
[EventType "swiss"]
[EventRounds "5"]
[EventCountry "ENG"]
[SourceTitle "EXT 2002"]
[Source "ChessBase"]
[SourceDate "2001.11.25"]
[SourceVersion "1"]
[SourceVersionDate "2001.11.25"]
[SourceQuality "1"]

1. e4 Nf6 2. e5 Nd5 3. d4 d6 4. Nf3 Bg4 5. Be2 e6 6. 0-0 Be7 7. Re1 0-0 8. c4 Nb6 9. Nc3 dxe5 10. Nxe5 Bxe2 11. Rxe2 N8d7 12. Nxd7 Qxd7 13. b3 Rad8 14. Be3 c6 15. Qc2 Qc8 16. Rd1 Rfe8 17. Red2 Bb4 18. Rd3 h6 19. Ne4 Bf8 20. Bf4 f5 21. Nc3 Be7 22. Qe2 Bf6 23. a4 Nd7 24. Rg3 e5 25. dxe5 Nxe5 26. Re3 Ng6 27. Rxd8 Rxd8 28. g3 Nxf4 29. gxf4 Qd7 30. Kg2 Kh7 31. Qf3 Qf7 32. Ne2 Qg6+ 33. Ng3 Rd2 34. Rd3 Rb2 35. Qe3 h5 36. Qf3 Kh6 37. Kh1 h4 38. Nf1 Qg4 39. h3 Qxf3+ 40. Rxf3 Bd4 41. Kg2 Kg6 42. Nh2 c5 43. Nf1 Kf6 44. Ne3 Ke6 45. Nd5 Kd6 46. Ne3 g6 47. Nd5 a6 48. Ne3 b6 49. Kg1 Kc6 50. Nd5 Re2 51. Kf1 Re4 52. Rd3 b5 53. axb5+ axb5 54. Rd2 bxc4 55. bxc4 Bg7 56. Rc2 Bh6 57. f3 Rd4 58. Ne7+ Kb6 59. Nxg6 Ka5 60. Ke2 Ka4 61. Nxh4 Rxf4 62. Ng6 Rd4 63. Rb2 Rxc4 64. Ne7 Rh4 65. Nxf5 Rxh3 66. Rb6 Bf4 67. Ne3 Be5 68. Nc4 Bd4 69. Nb2+ Bxb2 70. Rxb2 Rh2+ 0-1

[Event "Pula tt2"]
[Site "Pula"]
[Date "1990.??.??"]
[Round "11"]
[White "Notaros, Krasoje"]
[Black "Djipa, Neven"]
[Result "0-1"]
[WhiteElo "2360"]
[BlackElo "2280"]
[PlyCount "56"]
[EventDate "1990.??.??"]
[EventType "team"]
[EventRounds "11"]
[EventCountry "YUG"]
[SourceTitle "EXT 2000"]
[Source "ChessBase"]
[SourceDate "1999.11.16"]
[SourceVersion "1"]
[SourceVersionDate "1999.11.16"]
[SourceQuality "1"]

1. Nf3 Nf6 2. c4 g6 3. g3 Bg7 4. Bg2 0-0 5. 0-0 d5 6. d4 Nc6 7. Ne5 dxc4 8. Nxc6 bxc6 9. Bxc6 Bh3 10. Re1 Rb8 11. Na3 Qd6 12. Bh1 Qb4 13. Nc2 Qb6 14. Ne3 Rfd8 15. Nxc4 Qb4 16. b3 Rxd4 17. Bd2 Qb5 18. Qc2 Ng4 19. Bc3 Qh5 20. Bf3 Qc5 21. e3 Rdd8 22. Bxg7 Kxg7 23. Rac1 Kg8 24. Qe4 Nf6 25. Qe5 Qxe5 26. Nxe5 Rd2 27. Nc6 Rb6 28. Re2 Rxc6 0-1